000 00534nam a2200205Ia 4500
005 20250425161139.0
008 250425s9999 xx 000 0 und d
041 _aspa
082 _a620.7
100 _aSOTSKOV, B
245 0 _aFUNDAMENTOS DE LA TEORIA Y DEL CALCULO DE FIABILIDAD DE ELEMENTOD Y DISPOSITIVOS DE AUTOMATIZACION Y TECNICA DEL CALCULO
250 _aS.E.
260 _aMOSCOW
260 _aRusia
_bMIR
_c1972
300 _a262
650 _aENSAYOS
650 _aFIABILIDAD
942 _c01
010 _a13738
999 _c203356
_d203356